00282nam a2200121Ia 4500003000400000005001700004008004100021020001900062040001000081100001500091245002300106260003100129OSt20240615150423.0170524s9999 xx 000 0 und d a978-9390177530 cIIMTU aBERI- G.C. 0aMarketing Research bTATA MCGRAW HILL NEW DELHI